书目信息 |
| 题名: |
帕斯卡尔思想录
|
|
| 作者: | 帕斯卡 著 ;何兆武 译 | |
| 分册: | ||
| 出版信息: | 天津 天津人民出版社 2007 |
|
| 页数: | 235页 | |
| 开本: | 21cm | |
| 丛书名: | 醒客悦读文丛 | |
| 单 册: | ||
| 中图分类: | B565.23 | |
| 科图分类: | ||
| 主题词: | ||
| 电子资源: | ||
| ISBN: | 978-7-201-05598-5 | |
| 000 | 01061oam2 2200277 450 | |
| 001 | 1133163318 | |
| 005 | 20111004091330.92 | |
| 010 | @a978-7-201-05598-5@dCNY18.00 | |
| 100 | @a20070327d2007 em y0chiy50 ea | |
| 101 | 1 | @achi@cfre |
| 102 | @aCN@b120000 | |
| 105 | @aa z 000yy | |
| 200 | 1 | @a帕斯卡尔思想录@9pa si ka er si xiang lu@f(法)帕斯卡尔(Blaise Pascal)著@g何兆武译 |
| 210 | @a天津@c天津人民出版社@d2007 | |
| 215 | @a235页@c图@d21cm | |
| 225 | 2 | @a醒客悦读文丛@v2 |
| 300 | @a新华文轩人文经典/陈德中主编 | |
| 330 | @a本书作者以其特有的揭示矛盾的方法,反复阐述了人在无限大与无限小两个极限之间的对立悖反,论证了人既崇高伟大又十分软弱无力这一悖论,天才地揭示了人因思想而伟大这一动人主题。 | |
| 461 | 0 | @12001 @a醒客悦读文丛 |
| 600 | 0 | @a帕斯卡@c(Pascal, Blaise@f1623~1662)@j文集 |
| 600 | 0 | @a帕斯卡@c(Pascal, Blaise@f1623~1662) |
| 690 | @aB565.23@v4 | |
| 701 | 0 | @c(法)@a帕斯卡@9pa si ka@c(Pascal, Blaise@f1623~1662)@4著 |
| 702 | 0 | @a何兆武@9he zhao wu@f(1921~)@4译 |
| 801 | 0 | @aCN@b91MARC@c20101222 |
| 905 | @a10447@dB565.23@eJY127 | |
| 帕斯卡尔思想录/(法)帕斯卡尔(Blaise Pascal)著/何兆武译.-天津:天津人民出版社,2007 |
| 235页:图;21cm.-(醒客悦读文丛;2) |
| 新华文轩人文经典/陈德中主编 |
| ISBN 978-7-201-05598-5:CNY18.00 |
| 本书作者以其特有的揭示矛盾的方法,反复阐述了人在无限大与无限小两个极限之间的对立悖反,论证了人既崇高伟大又十分软弱无力这一悖论,天才地揭示了人因思想而伟大这一动人主题。 |
| ● |
| 相关链接 |
|
|
|
|
正题名:帕斯卡尔思想录
索取号:B565.23/JY127
 
预约/预借
| 序号 | 登录号 | 条形码 | 馆藏地/架位号 | 状态 | 备注 |
| 1 | 7809910 | 278099102 | 学院路分馆/ [索取号:B565.23/JY127] | 在馆 | |
| 2 | 7809911 | 278099111 | 学院路分馆/ [索取号:B565.23/JY127] | 在馆 |